Game of Thrones Characters Who Drink the Most 🍷 - Statistics

General Stats
  • This quiz has been taken 246 times
  • The average score is 7 of 10
Answer Stats
Glasses Character % Correct
94 Tyrion Lannister
98%
28 Cersei Lannister
95%
14 Tywin Lannister
84%
12 Robert Baratheon
75%
10 Jon Snow
74%
8 Sansa Stark
70%
13 Bronn
65%
16 The Hound
57%
11 Theon Greyjoy
34%
10 Walder Frey
32%
No matching quizzes found
Score Distribution
Percent of People with Each Score
Percentile by Number Answered
Your Score History
You have not taken this quiz